El ideal político del libertador Simón Bolivar : (Registro nro. 34860)
[ vista simple ]
| 000 -CABECERA | |
|---|---|
| campo de control de longitud fija | 00711nam a2200205 a 4500 |
| 001 - NÚMERO DE CONTROL | |
| campo de control | 000035369 |
| 003 - IDENTIFICADOR DEL NÚMERO DE CONTROL | |
| campo de control | DO-SdBNP |
| 005 - FECHA Y HORA DE LA ÚLTIMA TRANSACCIÓN | |
| campo de control | 20260305073955.0 |
| 008 - DATOS DE LONGITUD FIJA--INFORMACIÓN GENERAL | |
| campo de control de longitud fija | 111028s1923 sp 000 0 spa d |
| 040 ## - FUENTE DE LA CATALOGACIÓN | |
| Centro catalogador/agencia de origen | DO-SdBNP |
| Lengua de catalogación | spa |
| Centro/agencia transcriptor | BNPHU |
| 100 1# - ENTRADA PRINCIPAL--NOMBRE DE PERSONA | |
| Nombre de persona | Monsalve, J. D., |
| Fechas asociadas al nombre | 1864-1935 |
| 9 (RLIN) | 61175 |
| 245 13 - MENCIÓN DE TÍTULO | |
| Título | El ideal político del libertador Simón Bolivar : |
| Resto del título | (1783-1824) / |
| Mención de responsabilidad, etc. | J. D. Monsalve. |
| 260 ## - PUBLICACIÓN, DISTRIBUCIÓN, ETC. | |
| Lugar de publicación, distribución, etc. | Madrid : |
| Nombre del editor, distribuidor, etc. | América, |
| Fecha de publicación, distribución, etc. | [ca. 1923]. |
| 300 ## - DESCRIPCIÓN FÍSICA | |
| Extensión | 2 v. ; |
| Dimensiones | 19 cm. |
| 490 0# - MENCIÓN DE SERIE | |
| Mención de serie | Biblioteca de ciencias políticas y sociales ; |
| Designación de volumen o secuencia | 11 |
| 500 ## - NOTA GENERAL | |
| Nota general | Biblioteca tiene volumen 1 (519 p.) |
| 586 ## - NOTA DE PREMIOS | |
| Nota de premios | Obra laureada por la Academia Colombiana de Historia |
| 600 10 - PUNTO DE ACCESO ADICIONAL DE MATERIA--NOMBRE DE PERSONA | |
| Nombre de persona | Bolívar, Simón, |
| Fechas asociadas al nombre | 1783-1830 |
| 9 (RLIN) | 253 |
| 942 ## - ELEMENTOS DE PUNTO DE ACCESO ADICIONAL (KOHA) | |
| Fuente del sistema de clasificación o colocación | Dewey Decimal Classification |
| Tipo de ítem Koha | Libro |
| Estado de retiro | Estado de pérdida | Restricciones de uso | No para préstamo | Código de colección | Localización permanente | Ubicación/localización actual | Ubicación en estantería | Fecha de adquisición | Número de inventario | Total de préstamos | Signatura topográfica completa | Código de barras | Fecha visto por última vez | Precio válido a partir de | Tipo de ítem Koha | Nota pública |
|---|---|---|---|---|---|---|---|---|---|---|---|---|---|---|---|---|
| Monografías: Libros y Folletos | General | General | Orden iniciada | 28.10.2011 | LF1 | 35369-10 | 25.06.2020 | 25.06.2020 | No se presta | Biblioteca Juan Isidro Jiménes Grullón |
